000 00672nam a22001817a 4500
003 OSt
005 20250529112016.0
008 250529b |||||||| |||| 00| 0 eng d
020 _a9789966068620
040 _cChuka University Library
050 _aPL 8704
_b.A34 2019
100 _aAdede,Mercy,Mekenye,Nyaboke and Ochieng,Hezron
_918856
245 _aKiswahili Misili Kitabu Cha Mwanafunzi Gredi 3
260 _aNairobi,Kenya
_bOne planet publishing and media services ltd
_c2019
300 _a132p.
650 _aSwahili language ------study and teaching(primary) 2.Swahili language ----Grammar 3.Education ,primary ---Kenya----Textbooks
_918857
942 _2lcc
_cBK
_n0
999 _c19022
_d19022